| 000 | 00481nac a22001451u 4500 | ||
|---|---|---|---|
| 008 | 080904t xxu||||| |||| 00| 0 ara d | ||
| 082 |
_a189 _bت ي م |
||
| 245 |
_aالرد على المنطقيين/ _cاحمد بن عبد الحليم ابن تيمية |
||
| 250 | _aط2 | ||
| 260 |
_aالهند : _bدار القيمة،1949 _c1949 |
||
| 300 |
_a548ص؛ _c24سم |
||
| 511 | _aCatalogued by: Sara | ||
| 541 |
_aالف باء ؛ _cشراء ؛ |
||
| 942 |
_cBB _k189ت ي م _2ddc |
||
| 999 |
_c5882 _d5882 |
||